000 00294nam a22001337a 4500
008 170522b xxu||||| |||| 00| 0 eng d
020 _a281140218
041 _aeng
080 _a94(4)
100 _a16
101 _aSHH
245 _aTHE BALKANS SINCE 1453
_cSTAVRIANOS,L.S
942 _2udc
_cBK
999 _c13723
_d13723